000 01107nam a22003017a 4500
001 10143
003 FISKH
005 20260424132150.0
008 260424b cb ||||| |||| 00| 0 eng d
020 _a9780462001265
040 _aFISKH
_beng
_cFISKH
_dFISKH
050 _aPZ7
082 _a516
100 _aLing, Judy
_eAuthor
245 _aAll shapes and sizes /
_cWritten by Judy Ling ; illustrated by Claire de Zoete
260 _aSingapore :
_bMarshall Cavendish International ,
_c2008
300 _a16 pages :
_bcolor illustrations ;
_c19 cm
490 _aMy pals are here! Reading stars :
_v15b
505 _aG
520 _aThe book introduces different shapes and sizes through simple examples. Characters or objects are compared (big/small, different shapes), helping young readers recognize and understand basic math concepts in a fun and visual way.
521 8 _a400
_bLexile estimate
521 8 _aG
_bRaz-Plus
650 _aShapes
_vSizes
650 _aBig and small
_vComparison
700 _aZoete, Claire de
_eIllustrator
942 _2ddc
_cBK
_n0
999 _c10143
_d10143